| 000 | 00714nam a2200205 a 4500 | ||
|---|---|---|---|
| 001 | 2089 | ||
| 003 | CDMR | ||
| 005 | 20130730113744.0 | ||
| 008 | 130130s1996||||||||||||||||||||||||||||d | ||
| 020 | _a8439345852 | ||
| 040 |
_aCDMR _bcat _cCPC LLEIDA |
||
| 100 | 1 |
_aJiménez De Parga, Manuel _91553 |
|
| 245 | 1 | 3 |
_aLa información en la era de la televisación de la cosa pública _cManuel Jiménez de Parga |
| 260 |
_aBarcelona _cConsell de l'Audiovisual de Catalunya |
||
| 300 | _a16 p. | ||
| 500 | _aConferència amb motiu de la presentació del llibre "Règim jurídic de la informació" de Lluís Carreras | ||
| 650 | 0 | 4 |
_91574 _aLlibertat d'informació |
| 650 | 0 | 4 |
_92537 _aOpinió pública |
| 942 |
_cFULLET _2udc |
||
| 999 |
_c2089 _d2089 |
||